Main To State Agent Ho Gaya (Record no. 6253)
[ view plain ]
| 000 -LEADER | |
|---|---|
| fixed length control field | 00266nam a2200109Ia 4500 |
| 100 ## - MAIN ENTRY--AUTHOR NAME | |
| Personal name | Azam Maraj |
| 245 #0 - TITLE STATEMENT | |
| Title | Main To State Agent Ho Gaya |
| 260 ## - PUBLICATION, DISTRIBUTION, ETC. (IMPRINT) | |
| Place of publication | Lahore |
| Name of publisher | Royal Book Company |
| Year of publication | 2005 |
| 300 ## - PHYSICAL DESCRIPTION | |
| Number of Pages | 112 |
| 942 ## - ADDED ENTRY ELEMENTS (KOHA) | |
| Koha item type | Books |
| Withdrawn status | Lost status | Collection code | Permanent Location | Current Location | Shelving location | Date acquired | Full call number | Accession Number | Koha item type |
|---|---|---|---|---|---|---|---|---|---|
| | | Urdu Literature | MAJU | MAJU | | 2019-09-07 | 891.439 | 5722 | Urdu Literature |